Erase Your Social - Lil Uzi Vert (Full lyrics) - Statistics

General Stats
  • This quiz has been taken 64 times
  • The average score is 453 of 676
Answer Stats
Lyrics % Correct
I
93%
the
90%
me
88%
on
88%
you
88%
no
85%
a
83%
back
83%
Back
83%
bitch
83%
with
83%
Bad
80%
in
80%
Snapchat,
80%
that
80%
Go
78%
got
78%
ho
78%
Instagram,
78%
Know
78%
know
78%
then,
78%
then
78%
they
78%
walk
78%
Do
76%
homie
76%
racks
76%
to
76%
what
76%
don't
73%
she
73%
Twitter
73%
want
73%
all
71%
girl
71%
girl,
71%
napped
71%
Now
71%
now
71%
personal
71%
ass
68%
'cause
68%
it's
68%
my
68%
That's
68%
act
66%
ain't
66%
and
66%
for
66%
just
66%
throw
66%
too
66%
bag
63%
cap
63%
cash
63%
your
63%
cappin',
61%
cappin'
61%
think
59%
hi,
56%
I'll
56%
I'm
56%
Pull
56%
is
54%
out
54%
Yeah,
54%
yeah,
54%
haters
51%
flex
49%
Snapchats
49%
This
49%
up
49%
up,
49%
world
49%
Dreadlock,
46%
hot,
44%
Like,
44%
like
44%
so
44%
favor
41%
Fuck
39%
girls,
37%
one
37%
But
34%
flavors
34%
numb
34%
'til
34%
another
32%
from
32%
get
32%
love
32%
make
32%
Make
32%
ahead,
29%
done
29%
her
29%
I'ma
29%
of
29%
sun
29%
there
29%
type
29%
baby
27%
down
27%
Hit
27%
legs
27%
made
27%
matter
27%
Mercedes
27%
none
27%
right
27%
said
27%
try
27%
Boy,
24%
Number
24%
own
24%
run
24%
long
22%
Navy
22%
trustin'
22%
McGrady
20%
startin'
20%
Tell
20%
Suckin'
17%
Water,
17%
water
17%
brain,
15%
give
15%
Play
15%
repercussions
15%
Took
15%
drum
12%
dumb
12%
month
10%
night
10%
No matching quizzes found
Score Distribution
Percent of People with Each Score
Percentile by Number Answered
Your Score History
You have not taken this quiz